000 00666nam a22002057a 4500
999 _c14496
_d14496
003 AR-CdUCM
008 190423b ||||| |||| 00| 0 spa d
020 _a978-607-618-818-7
040 _aMUNICIPALIDAD PROVINCIAL DEL CUSCO
_cBIBLIOTECA MUNICIPAL DEL CUSCO
082 _aPI / 803 /
_bF97
100 _aFurlotti, Marco
_933299
245 _aEl oso y la carpa /
260 _aMéxico :
_bSilver Dolphin,
_c2016.
300 _a26 páginas ;
_bIlustraciones,
_c33 cm.
650 _aLiteratura infantil
_9588
650 _aCuentos infantiles
_93927
700 _aCaballero del Moral, Samantha (traducción)
_932774
942 _2ddc
_cLIBROS
945 _aacv
_d2019-04-23